| 000 | 00489nam a22001577a 4500 | ||
|---|---|---|---|
| 003 | OSt | ||
| 008 | 260424b |||||||| |||| 00| 0 eng d | ||
| 082 |
_a634.6 _bM30E |
||
| 100 | _aKumar, Manoj | ||
| 245 | _aEffect of Foliar Feeding of Some Micronutrients and Plant Growth Regulators on Yield and Qualit of Litchi (Litchi Chinesis Sonn.) Cv. Purbi | ||
| 260 |
_aPusa, Samastipur _bRAU |
||
| 300 | _a48P. | ||
| 502 |
_bMsc. _d2007 |
||
| 650 | _aFruit and Fruit Technology | ||
| 942 |
_2ddc _cT |
||
| 999 |
_c50175 _d50175 |
||